Manažment I : ako plánovať, organizovať a rozhodovať. Historické a moderné aspekty manažmentu

Gespeichert in:
Bibliographische Detailangaben
Hauptverfasser: Kokavcová, Dagmar (Verfasst von), a kol (Verfasst von)
Format: Buch
Sprache:Slowakisch
Veröffentlicht: Bratislava : Iura Edition, 2012
Schriftenreihe:Ekonómia 439.
Schlagworte:
Tags: Tag hinzufügen
Keine Tags, Fügen Sie das erste Tag hinzu!

MARC

LEADER 00000nam a22000003a 4500
001 stu272755
005 20150617230208.1
008 130807s2012----xo------------------slo-d
020 |a 978-80-8078-513-0 
040 |a STU  |b slo 
041 0 |a slo 
044 |a xo 
080 |a 65 
100 1 |a Kokavcová, Dagmar  |4 aut 
245 1 |a Manažment I :  |b ako plánovať, organizovať a rozhodovať. Historické a moderné aspekty manažmentu 
260 |a Bratislava :  |b Iura Edition,  |c 2012 
300 |a 157 s 
650 7 |a manažment  |2 stusub 
700 1 |a a kol.  |4 aut 
830 0 |a Ekonómia  |v 439. 
996 |b 284M085319  |c M*13529/1-3  |l MMST  |s A  |a 24  |w stu272755_0001 
996 |b 284M085318  |c M*13529/1-2  |l MMST  |s A  |a 24  |w stu272755_0002 
996 |b 284M085317  |c M*13529/1-1  |l MMKN  |s A  |a 24  |w stu272755_0003